[Event "Wales Seniors Ch"]
[Site "?"]
[Date "2023.09.10"]
[Round "4.7"]
[White "Cooke, Mark"]
[Black "Quinn, Peter"]
[Result "0-1"]
[WhiteElo "1413"]
[BlackElo "1645"]
[Annotator "User"]
[PlyCount "70"]
[EventDate "2023.09.11"]
[SourceVersionDate "2023.09.16"]

1. e4 Nf6 2. e5 Nd5 3. c4 Nb6 4. d4 d6 5. exd6 cxd6 (5... exd6 6. b3 Be7 7. h3 Bf6 8. Nf3 Nc6 9. Be3 Qe7 10. Be2 Bf5 11. a3 h6 12. Ra2 {Cooke-Zabehlicky. Wld Seniors ch tm, Prague 2020, 1/2-1/2}) 6. Nc3 g6 7. b3 (7. Be3 Bg7 8. Rc1 O-O 9. b3 {main}) (7. a4 a5 8. Be3 Bg7 9. Rc1 Nc6 10. d5 Ne5 11. b3 O-O 12. h3 e6 13. f4 Qh4+ 14. Bf2 Qxf4 15. Bxb6 {R Van Kemenade-Quinn, WLS rapid ch 2022,1-0}) 7... Bg7 8. Rb1 $146 (8. Be3 {148 games, 49% for Wh}) (8. Bb2 {60 games,29% for Wh}) 8... Nc6 9. Bd3 $2 (9. Be3) (9. Nf3) (9. Nge2) 9... Nxd4 $17 10. Nge2 Bg4 (10... Nxe2 11. Nxe2 d5 $17 {SF16}) 11. Bb2 O-O 12. f3 Nxe2 {simplest} (12... Bxf3 {second line SF16} 13. gxf3 Nxf3+ 14. Kf2 Ne5 $17 {3 pawns for the piece and an exposed K}) 13. Nxe2 Be6 14. O-O Qd7 (14... Bxb2 15. Rxb2 Nd7 $17 {SF16}) 15. Nd4 Rac8 (15... Rad8) 16. f4 (16. Re1 $11 {SF16, probably based on Wh's extra space}) 16... Bg4 17. Be2 (17. Qd2 e5 18. Nc2 Bh6 $17 {SF16}) 17... Bxe2 18. Qxe2 e6 (18... d5 $19 {SF16- opening up lines for the Bl Rs to take part}) 19. Rbd1 Qc7 20. Kh1 a6 21. h4 d5 $19 22. h5 dxc4 23. hxg6 hxg6 24. Rf3 Rfe8 25. Rh3 Qxf4 (25... Nd5 26. Qxc4 Nxf4 $19 {SF16}) 26. Rf3 Qe5 27. Qf2 c3 28. Bc1 (28. Bxc3 Rxc3 29. Rxc3 Qh5+ 30. Rh3 Qxd1+) 28... Nd5 29. Ba3 b5 30. Rh3 Qf4 (30... Nf4) 31. Rf3 Qe5 32. Bc1 Red8 33. Rh3 Nf6 34. Qh4 Nh5 35. Ba3 Rxd4 0-1

[Event "Wales Seniors Ch"]
[Site "?"]
[Date "2023.09.10"]
[Round "4.8"]
[White "Morgan, David"]
[Black "Hurn, Robert AJ"]
[Result "1/2-1/2"]
[WhiteElo "1524"]
[BlackElo "1644"]
[Annotator "User"]
[PlyCount "75"]
[EventDate "2023.09.11"]
[SourceVersionDate "2023.09.16"]

{[%evp 0,8,80,-59,-30,-26,-9,-20,-2,-89,-69]} 1. c4 Nf6 2. Nc3 e5 3. g3 Bb4 (3... d5 {main}) 4. e4 (4. Bg2 {main} O-O 5. e4 (5. e3 Re8 6. Nge2 c6 7. Qb3 Bf8 8. d4 exd4 9. Nxd4 Na6 {Derrett-Hurn, Guernsey Holiday op, 2003,1/2-1/2}) 5... c6 6. Nge2 Re8 7. O-O d6 8. h3 Nbd7 9. d3 h6 10. f4 Nf8 11. f5 {Forsey-Hurn, WLS Open Cardiff 2023,1-0}) 4... Nc6 (4... Bxc3 5. dxc3 d6 (5... Nxe4 6. Qg4 {2,5-0.5} (6. Qd5 Nf6 7. Qxe5+ Qe7 8. Qxe7+ Kxe7 9. h3 Nc6 10. Be3 d6 11. O-O-O Be6 {Homa-Mansurov, Chicago op 2023,1/2-1/2}))) 5. Nge2 d6 6. Bg2 O-O (6... Bg4) 7. h3 a5 8. O-O {15-4-6} Bc5 9. d3 h6 (9... Nd4) 10. Kh2 Bd7 11. Nd5 (11. f4 $11 {0.5-2.5}) 11... Nxd5 12. cxd5 Nd4 13. Be3 (13. f4 f5 14. Bd2 Qe8 15. Rc1 Nxe2 16. Qxe2 Bb6 17. Be3 Bxe3 18. Qxe3 c5 $11 {Poelsterl-Petzold. Mittelfranken ch tm 2015,0-1}) 13... a4 (13... Nxe2 14. Qxe2 Bxe3 15. Qxe3 c6 $11 {Kock-Rottstaedt, Ruhrgebiet VL1, 2007,1/2-1/2}) 14. Bxd4 Bxd4 15. Nxd4 exd4 16. f4 c5 (16... c6 $11) 17. e5 $14 Qb6 18. Qd2 dxe5 19. fxe5 Rad8 (19... Qg6) 20. Rf2 Qa6 21. Raf1 b5 (21... Rde8 22. Rf6 gxf6 23. Rxf6 Rxe5 24. Rxa6 bxa6 25. Qxh6 Rfe8 26. Be4 $16 {SF16}) 22. Be4 $18 (22. Rf6 $18 Qxf6 (22... gxf6 23. exf6 Qxf6 24. Rxf6) (22... Qc8 23. Be4 Bxh3 24. Rxh6 $18) 23. exf6 Rde8 24. fxg7 Kxg7 25. Qf4 $18 {SF16}) 22... Qc8 23. Bf5 $2 (23. Rf6 $1 $18 {takes a bit of courage to play moves like this} Bxh3 24. Rxh6 Bxf1 25. Qg5 Qh3+ 26. Rxh3 Bxh3 27. Kxh3 $18 {SF16}) 23... Bxf5 24. Rxf5 Rxd5 $19 25. Qf4 Qe6 26. b3 a3 (26... axb3 27. axb3 Re8 28. Rf2 Rd7 29. Qc1 Rc7 $19 {SF16}) 27. g4 Rd7 (27... Re8 28. Re1 c4 29. bxc4 bxc4 30. dxc4 Rd7 $19 {SF16}) 28. g5 hxg5 (28... Re8 29. gxh6 g6 30. h7+ Kh8 31. Rxf7 Rxf7 32. Qxf7 Qxf7 33. Rxf7 Rxe5 34. Kg3 Re2 $19 {SF16}) 29. Rxg5 $11 Qh6 30. Rfg1 g6 (30... f6 31. Rxg7+ Qxg7 32. Rxg7+ Rxg7 33. e6 Re7 34. Qg3+ $11 Rg7 35. Qf3 Re7 36. Qg3+ {SF16}) 31. e6 Re7 32. exf7+ Kh7 $11 33. Qg4 Rexf7 34. Rg2 (34. Rxg6 Qf4+ $11) 34... Rf3 35. Rxc5 Qf4+ 36. Qxf4 R8xf4 37. Rg3 Rf2+ 38. Rg2 1/2-1/2

[Event "Wales Seniors Ch"]
[Site "?"]
[Date "2023.08.11"]
[Round "5.1"]
[White "Thomas, Mark"]
[Black "Van Kemenade, R."]
[Result "1/2-1/2"]
[WhiteElo "1724"]
[BlackElo "1934"]
[Annotator "User"]
[PlyCount "144"]
[EventDate "2023.09.11"]
[SourceVersionDate "2023.09.11"]

{[%evp 0,144,40,28,16,-27,-55,-64,-46,-46,31,4,23,-81,-54,-34,-45,-44,-19,-16,-24,-31,-10,-6,-8,1,-20,-8,-15,-23,-29,-23,-25,-25,-17,-42,-13,-38,9,-2,3,-37,-35,-52,-38,-42,-33,-65,-73,-60,-69,-63,-58,-61,-66,-60,-42,-33,-39,-22,-8,-8,10,-28,-8,33,-31,-57,-56,-62,10,-5,10,4,7,-19,-5,0,0,0,29,3,55,76,69,50,48,13,134,155,113,117,176,160,158,102,1025,1025,1262,665,1559,1559,2790,409,480,823,921,154,199,209,167,181,145,143,138,171,176,180,180,159,161,161,152,144,273,248,497,235,235,497,509,509,509,108,108,527,527,92,0,0,0,0,0,0,0,0,0]} 1. e4 e5 2. Bb5 {Portugese op, as played by Wh in an ealier rd} Nf6 (2... c6 3. Ba4 Nf6 {main}) 3. d4 c6 4. dxe5 Nxe4 5. Bd3 Nc5 6. f4 (6. Nf3 {main}) 6... d6 7. Nf3 dxe5 (7... Nbd7 8. O-O dxe5 9. fxe5 Ne6 10. Nc3 Ndc5 11. Kh1 Be7 $11 {Thomas-Evans, WLS U 150 league 2020,1-0}) 8. fxe5 Nxd3+ 9. cxd3 Bg4 (9... Bb4+ 10. Nc3 Bg4 11. O-O $11 {Jensen-Christensen,DEN ch , Sporking,2014,1/2/1/2}) 10. O-O Be7 (10... Bc5+ $15 11. Kh1 O-O 12. Nc3 Bd4 {Pickersgill-Belin, Guersey 2009,0-1}) 11. Nc3 O-O (11... Nd7 $15) 12. Be3 Nd7 13. d4 Nb6 14. Qd3 Nd5 (14... h6) 15. Bd2 Bh5 16. a3 Bg6 $15 17. Qe2 Nc7 (17... Qb6 18. b4 Rfd8 $15 {Sf16}) 18. Rad1 Ne6 (18... b5 $15) 19. Be3 $11 Nc7 20. Rd2 Nd5 21. Bf2 Nxc3 22. bxc3 Bxa3 $15 23. Ra2 Be7 24. Rfa1 a6 (24... a5) (24... b5 25. Rxa7 Rxa7 26. Rxa7 Re8 $11 {SF16}) 25. c4 Bf5 (25... Qd7 $17) 26. c5 Qd5 27. Nd2 (27. Rd2) 27... Be6 28. Rb2 (28. Ra4) 28... Rab8 29. Ne4 Qc4 (29... f6) 30. Qe3 $11 a5 (30... Qd5 $11) 31. Be1 (31. Rxa5 Ra8 32. Rxa8 Rxa8 33. Rxb7 $11 {SF16}) 31... a4 (31... Bd8 $17) 32. Rb4 (32. Nd6 Bxd6 33. exd6 Ra8 $11 {SF16}) 32... Qc2 33. Rbxa4 (33. Rc1 $11) 33... Bd5 $17 34. Nd2 f5 (34... f6 {SF16, considered by Bl} 35. Bg3 (35. e6 Rbe8 36. Ra7 f5 37. Nf3 Bf6 38. Qf2 Qe4 39. Rxb7 Rxe6 $19) 35... Rbe8 36. Nf3 fxe5 37. Bxe5 Qg6 38. Kh1 Qh5 $17) (34... b5 {removes a weakness and brings a R into the game,SF16} 35. cxb6 Rxb6 36. Ra7 Rb3 37. Qf4 Bb4 38. Ra8 Qg6 39. Bg3 Rb2 40. Rxf8+ Bxf8 (40... Kxf8 41. Ra8+ Ke7 42. Bh4+ f6 43. exf6+ gxf6 44. Ra7+ Ke6 45. Qe3+ $11) 41. Ra8 h6 42. Qe3 Qc2 43. Be1 Rb3 44. Qf2 Ra3 45. Rxa3 Bxa3 46. Nf1 Qc1 47. Qd2 Qb1 48. h3 Bb2 {wins the d pawn,as} 49. Bf2 Bc4 50. Be1 Qa1 {SF16, a rather long variation, but where Bl keeps ann edge throughout}) (34... h6 {looked at by Bl} 35. Qf2 (35. h4 f6 36. e6 f5 $19) 35... f6 36. Nc4 Qd3 37. R1a3 Qg6 38. Rg3 Qh5 39. e6 Rfe8 $17 {SF16}) 35. Nf3 f4 36. Qf2 Qf5 37. Ba5 Ra8 (37... Rbc8 $1 $19 {SF16} 38. Be1 (38. Rb4 g5 39. Rxb7 (39. h3 h5 40. Rxb7 Rce8) 39... g4 40. Rxe7 (40. Nh4 Qf7 41. e6 Qf6 42. Nf5 Qxf5 43. Rxe7 g3 44. hxg3 Qg5 45. Bd8 f3 $19)) 38... g5 39. Nd2 g4 40. Nb1 f3 41. g3 Bg5 42. Nc3 Be6 43. Nd1 Rcd8 $19 {SF16, though not immediately clear how to break through} 44. Ne3 Qd3 45. R1a3 Qe2 46. Bd2 Rb8 47. Rb4 Ra8 48. Rxa8 Qxf2+ 49. Kxf2 Rxa8 50. Rb2 (50. Rxb7 Ra2) 50... Bxe3+ 51. Bxe3 Ra1 52. d5 Bxd5 53. Bd4 h5 54. Ke3 Kf8 55. Kf4 Ra4 56. Ke3 Ke8 57. Bc3 Ra3 58. Kd4 Kf8 59. Kd3 Ra7 60. Ke3 Kf7 {it is often painful to watch an engine slowly maximising its position to the utmost, rather than follow a simpler plan} 61. Kf4 Kg6 62. Ke3 Ra4 63. Rd2 Ra3 64. Kd4 Kf5 65. Kd3 Ra4 66. Bd4 Bc4+ 67. Ke3 Ra3+ 68. Kf2 Be6 69. Ke1 Ra4 {and it looks like the e pawn will be lost( the c5 pawn is even more serious)} 70. Kd1 Ke4 71. Bf2 Ra1+ 72. Kc2 Bd5 73. Kc3 Rc1+ 74. Kb4 Kxe5 $19 {and now it still takes ages to get to a win}) 38. Bc7 Rxa4 39. Rxa4 g5 40. Bd6 Rf7 (40... Re8 {prevents the backrank check, but the text appeared to guard the b pawn} 41. Ra7 (41. Rb4 Ra8 $19) 41... g4 42. Ne1 Bg5 43. Qc2 (43. Rxb7 Ra8) 43... Qf7 44. Ra3 f3 $19 {sf16}) 41. Ra8+ Bf8 $2 (41... Rf8 42. Ra7 Re8 43. h3 h5 44. Rxb7 Ra8 45. Bxe7 (45. Rxe7 g4 $19) 45... Ra1+ 46. Kh2 g4 47. Bh4 gxf3 48. gxf3 Qg6 49. Rb8+ Kf7 50. Rb7+ $11 {SF16}) 42. h3 (42. e6 Bxe6 43. Ne5 Rf6 44. Be7 Qb1+ 45. Qf1 Qxf1+ 46. Kxf1 Rf5 47. Rb8 Kg7 48. Rxb7 Kh6 49. Bxf8+ Rxf8 50. Rb6 $18 {SF16}) (42. Qe1 $1 Be6 (42... Kg7 43. e6 Bxe6 44. Re8 Bd5 45. Re5 Qc8 46. Rxg5+ $18) 43. d5 cxd5 44. h3 Kg7 (44... g4 45. hxg4 Qxg4 46. Rxf8+ Rxf8 47. Bxf8 Kxf8 48. Qb4 $18) 45. Nd4 Qg6 46. Re8 Bd7 47. Bxf8+ Rxf8 48. Rxf8 Kxf8 49. e6 Bc6 (49... Bc8 50. Qe5) 50. Qe5 (50. Nxc6 bxc6 51. Qe5 Qg7 52. Qb8+ Ke7 53. Qd6+ $18) 50... Qg7 51. Qb8+ Be8 52. Nf5 Qa1+ 53. Kh2 f3 54. Qd6+ Kg8 55. Nh6+ Kg7 56. Ng4 Kg6 57. Qf8 $18 {SF16, mate & B are threatened Another long sequence not that easy to work out}) 42... h5 43. h4 (43. Qe1 $18 {SF16} g4 (43... Kg7 44. e6 Bxe6 45. Qe5+ Qxe5 46. dxe5 Be7 (46... Bxd6 47. cxd6 Rf5 48. Re8 Bd7 49. Re7+ Rf7 50. Rxf7+ Kxf7 51. Nxg5+ Ke8 52. e6 Bc8 53. Kf2 $18) 47. Re8 g4 48. Nd4 Bd7 49. Rxe7) 44. Nh4 Qe6 45. Qb1 Bxg2 46. Ng6 f3 47. Rxf8+ $18 {SF16}) 43... Bxf3 (43... g4 44. e6 $1 {SF16} (44. Ng5 {the human move?} g3 45. Qf1 f3 46. Nxf3 (46. e6 f2+ 47. Kh1 Qg4 48. exf7+ Kg7 49. Be5+ Kg6 50. Qb1+ Be4 51. Bxg3 Bxb1 52. Bxf2 Kg7 53. Kh2 $11) (46. Nxf7 $2 f2+ 47. Kh1 Qh3#) 46... Bxf3 47. Rxf8+ Rxf8 48. Bxf8 Bg4 (48... Qxf8 49. Qxf3 $18) 49. Bh6 Qxf1+ 50. Kxf1 Kf7 51. Bf4 Ke6 52. Bxg3 Kd5 $11 {SF16- despite the two pawns down, Bl has a barricade})) 44. gxf3 g4 (44... Qb1+ {Bl had seen Qa2, but missed some of the consequences. Considered, but couldn't see how to improve on a Q swap} 45. Qf1 Qb2 46. e6 $1 {SF16} (46. Qf2 Qc1+ 47. Kg2 {is as far as Bl got without seeing a followup}) 46... Qxd4+ 47. Kh1 $18) 45. Qa2 (45. fxg4 hxg4 46. e6 Qxe6 47. Bxf8 Rxf8 48. Rxf8+ Kxf8 49. Qxf4+ Kg7 50. Kf2 $18 {SF16}) 45... Kg7 46. e6 Bxd6 {in a lost position, one may as well create chaos-Speelman} (46... Re7 47. Bxe7 Bxe7 48. Qe2 Qd5 49. Qe5+ Qxe5 50. dxe5 Bxc5+ 51. Kg2 g3 52. Ra4 Be3 53. Ra8 Bc5 54. Rd8 Be7 55. Rd4 Bxh4 56. Rxf4 Bg5 57. Rf7+ Kg8 58. f4 Bh6 59. Rxb7 $18 {SF16}) 47. cxd6 (47. exf7 Bf8 48. Qe2 Kxf7 49. Rb8 $18) 47... gxf3 (47... Rf8 48. Rxf8 Qxf8 49. e7 $18 {is simpler for Wh to play}) 48. exf7 {[%emt 0:00:15] SF16 declares mate in} Qg4+ 49. Kf1 (49. Kh1 $1 Qxh4+ 50. Qh2 Qe1+ 51. Qg1+ Qxg1+ 52. Kxg1 Kxf7 53. d7 {is an esy win}) 49... Qh3+ 50. Ke1 Qxh4+ (50... f2+ 51. Qxf2 Qc3+ 52. Kf1 Qd3+ 53. Kg1 Qd1+ 54. Kh2 {SF16}) 51. Kd2 (51. Kd1 Qh1+ 52. Kc2 Qg2+ 53. Kc3 {SF16}) 51... Qf2+ 52. Kc3 Qe3+ 53. Kb4 {in principle not a wise choice as more Wh pawns go} (53. Kc4 b5+ {probably was what Wh wished to avoid, however} (53... Qe6+ 54. Kc5 Qf5+ 55. Kb6 Qb5+ 56. Kc7) 54. Kc5 Qc3+ 55. Kb6 Qxd4+ 56. Kc7 {and the Bl pawns give shelter}) 53... Qxd4+ 54. Qc4 Qxd6+ 55. Kc3 Qe5+ 56. Qd4 Qxd4+ 57. Kxd4 Kxf7 {5 pawns for a R, but the K side ones are a mess} 58. Ke5 {going for a quick mate?} (58. Ke4 {Lee gives as winning instead of text- SF16 has both as winning}) 58... f2 59. Ra1 c5 (59... b5 {makes no difference}) 60. Rf1 (60. Kxf4 {the Q side pawns are too far back, so the R can keep them under restraint} Ke6 61. Ke3 h4 62. Kxf2 c4 63. Rh1 b5 64. Rxh4 Kd6 65. Ke3 Kc5 66. Rh8 {the Wh K is too close} (66. Kd2 {also})) 60... b5 61. Rxf2 Ke7 (61... c4 62. Rxf4+ (62. Kxf4 c3 {the pawns look dangerous, but with precision the R captures them} 63. Ke3+ Kg6 64. Rf8 Kg5 65. Rb8 Kg4 66. Rxb5 h4 67. Rc5 h3 (67... Kg3 68. Rg5+ Kh2 69. Kf3 h3 70. Rc5) 68. Kf2 h2 69. Kg2 $18) 62... Kg6 63. Rf5 h4 64. Ke4 b4 65. Rc5 c3 66. Rc4 h3 67. Kf3 $18 {SF16}) 62. Rxf4 {[%emt 0:00:20] wins in} (62. Kxf4 {[%emt 0:00:22] wins in}) 62... b4 63. Kd5 (63. Rc4 Kf7 64. Rxc5 Kg6 65. Rc8 Kg5 66. Rg8+ Kh4 67. Kf4 Kh3 68. Kf3 b3 69. Rg3+ (69. Rg2 h4 70. Rf2 b2 71. Rf1 Kh2 72. Rb1 h3 73. Rxb2+) 69... Kh2 70. Kf2 b2 71. Rb3 h4 72. Rxb2 Kh3 (72... h3 73. Rb3 {tablebases})) 63... b3 64. Kxc5 b2 (64... Ke6 65. Rb4 Ke5 66. Kc4 Kf4 67. Kc3+ Kg3 68. Kd3 h4 69. Ke2 h3 70. Kf1 $18 {TB}) 65. Rb4 Kf6 66. Kd5 (66. Kd4 Kf5 67. Ke3 h4 68. Kf3 {TB}) 66... Kf5 67. Rxb2 h4 (67... Kf4 68. Rh2) 68. Rb8 {following a general principle of R behind, but in this position the game is drawn} (68. Rb4 $18 {cuts the K off} Kg5 69. Ke4 Kg4 70. Rb8 {now behind is fine} Kg3 71. Ke3 h3 72. Rg8+ Kh2 73. Kf3 Kh1 74. Rh8 h2 75. Rb8 Kg1 76. Rb1# {TB}) 68... h3 69. Rh8 (69. Kd4 Kf4 70. Kd3 Kf3 71. Kd2 h2 $11 {TB}) 69... Kg4 70. Ke4 Kg3 71. Ke3 Kg2 72. Rg8+ Kf1 {the only move, TB} (72... Kf1 73. Kf3 h2 74. Rh8 $11 (74. Rb8 $2 h1=Q+)) 1/2-1/2

[Event "Wales Seniors Ch"]
[Site "?"]
[Date "2023.08.11"]
[Round "5.2"]
[White "Havard, Gwyn"]
[Black "Saunders, Walter NR"]
[Result "0-1"]
[WhiteElo "1848"]
[BlackElo "1043"]
[Annotator "User"]
[PlyCount "42"]
[EventDate "2023.09.11"]
[SourceVersionDate "2023.09.16"]

{[%evp 0,17,15,15,40,47,37,3,48,9,6,-9,13,14,5,15,3,6,6,-5]} 1. e4 e6 (1... d5 {1-1-1 Havard + a loss in rd4 to Mark Thomas}) (1... e5 2. Nf3 Nc6 3. Bb5 Nd4 4. Nxd4 exd4 5. O-O {Saunders-Georgievski, EU cup sf Breda 1998, 1/2-1/2}) 2. d4 d5 3. exd5 (3. Nc3 {is what Bl has mostly faced}) 3... exd5 4. Bd3 Nf6 (4... Bd6 5. Ne2 Ne7 6. Bf4 O-O 7. Nd2 Bf5 8. Nf3 Bxd3 9. Qxd3 Ng6 10. Bg3 {Havard-Harding, S Wales New Year major 2020,1/2-1/2}) 5. Ne2 Nc6 6. O-O Be7 (6... Bd6 {main}) 7. Bf4 O-O 8. Nd2 (8. c3 {8-2-4}) 8... Nb4 $146 (8... Bg4 {0.5-1.5}) (8... Re8 {1-0}) 9. Nf3 (9. Bb5 c6 10. Ba4 Bg4 11. a3 Na6 12. c3 Nh5 13. Be5 f6 14. Bg3 Nxg3 15. hxg3 $11 {SF16}) 9... Nxd3 10. Qxd3 Ne4 11. Ng3 Nxg3 12. fxg3 c6 13. Rae1 $11 {but Wh has more space , development, and open lines} Be6 14. Ne5 (14. c3) 14... Bf6 (14... Re8 {SF16 slightly prefers B, perhaps because of the pawn levers, which Wh lacks} 15. Re2 Qb6 16. b3 c5 17. Rfe1 cxd4 18. Nf3 Bb4 19. Bd2 Bc5 20. Ng5 g6 21. Kh1 Bd7 22. Qf3 Rf8 23. b4 Bxb4 24. Rb1 a5 25. a3 h6 26. Nh3 Bb5 27. axb4 Bxe2 28. Qxe2 a4 $15 {SF16- a bit obscure}) 15. Nxf7 $2 {but the B can take, & not stay on e6} Bxf7 $19 16. g4 Bg6 17. Qg3 Bxd4+ 18. Kh1 Qf6 (18... Bc5) 19. c3 Bc5 20. g5 Qf7 21. b4 Bd6 0-1

[Event "Wales Seniors Ch"]
[Site "?"]
[Date "2023.09.10"]
[Round "5.3"]
[White "Hughes, Anthony"]
[Black "Batey, Richard"]
[Result "1-0"]
[WhiteElo "1838"]
[BlackElo "2044"]
[Annotator "User"]
[PlyCount "119"]
[EventDate "2023.09.11"]
[SourceVersionDate "2023.09.17"]

1. c4 e6 2. Nc3 d5 3. d4 Nf6 4. cxd5 exd5 5. Bg5 Be7 6. e3 O-O 7. Bd3 c6 8. Qc2 h6 9. Bh4 Nbd7 10. Nge2 Re8 11. O-O Nf8 (11... Ne4 {main}) 12. f3 (12. Bxf6 Bxf6 13. b4 a6 14. a4 Bg4 15. b5 axb5 16. axb5 Qd6 17. Rfc1 c5 18. dxc5 Qxc5 19. Qb3 Be6 20. Rxa8 Rxa8 21. Nd4 {Hughes-Li, Titled Tuesday blitz 2921,1-0}) 12... Ne6 13. Rad1 c5 (13... b6) (13... Nh5 {main lines}) (13... Bd7 $11 {Cloud Engines}) 14. Bxf6 {2-1} (14. dxc5 {2-1}) 14... Bxf6 15. dxc5 Bxc3 $146 {SF16 & at least one other Engine} 16. Qxc3 (16. Nxc3 Nxc5 17. Bh7+ Kh8 18. Nxd5 $18 {Cloud Engines}) 16... Bd7 17. Nd4 Rc8 18. b4 (18. Nxe6 fxe6 19. b4 $18 {SF16}) 18... b6 19. Ba6 Rc7 20. Nxe6 (20. Nb5 Bxb5 21. Bxb5 Rf8 22. Qb3 (22. Qe5 bxc5 23. Rxd5 Qb8 24. Bd7 cxb4 25. Bxe6 fxe6 26. Qxe6+ Kh8 27. Rfd1 $16) (22. c6 Qd6 23. Ba4 a6 24. Bb3 d4 25. exd4 Rxc6 26. Qd2 $16) 22... bxc5 23. Rxd5 Qe7 24. bxc5 Rb8 25. Qd3 Nxc5 26. Qe2 $11 {SF16}) 20... Bxe6 (20... Rxe6 21. Rxd5 bxc5 (21... Qe7 22. Bc4 bxc5 23. bxc5 Rxe3 24. Qd4 Ra3 25. Bb3 $18) 22. Bb5 cxb4 23. Qd2 $18 {SF16}) 21. Bb5 (21. c6 $18 {SF16}) 21... Ree7 22. Qd4 bxc5 23. bxc5 Qc8 24. Rc1 (24. c6 $18 {SF16}) 24... Qb8 (24... Bd7 25. Bd3 Bf5 26. Rfd1 Bxd3 27. Rxd3 Qe8 28. Rdc3 $18 {SF16}) 25. a4 f6 26. Rfd1 Bf7 27. Rb1 (27. c6 {SF16}) 27... Qc8 28. Rdc1 Re5 29. Rc3 Rce7 30. Rbb3 (30. c6 {SF16}) 30... Qe6 31. Kf2 Bg6 32. Rb2 Rh5 33. h3 Re5 34. Rbb3 Rc7 35. Bd3 Bxd3 36. Rb8+ Kf7 37. Qxd3 Qc6 38. Qh7 (38. Qd1 $18) 38... Re8 (38... Qxa4 $14 {SF16}) 39. Rxe8 Qxe8 40. Qc2 (40. Qd3 Qc6 41. Qb5 $18 {SF16}) 40... Qc6 41. Qa2 Ke7 42. Qc2 Kf7 43. h4 Rb7 44. Qa2 (44. Rd3 $18 Rc7 45. Qa2 Rd7 (45... Qxc5 46. Rxd5 Qc2+ 47. Qxc2 Rxc2+ 48. Kg3 $18) 46. Rc3 Kf8 $16 {SF16}) 44... Ke7 45. Rd3 Qxc5 {so the pawn never got to c6} (45... Rd7) 46. Qxd5 $18 Rb2+ 47. Kg3 Qxd5 (47... Qc7+ 48. f4 a6 49. h5 $18 {SF16, though with the ectra pawn a centre one- not so easily sacrificed to put the Bl forces on distant positions, it will still be a long game}) 48. Rxd5 Rb4 (48... Rb6 49. Ra5 a6 50. h5) 49. Ra5 Rb7 50. Kf4 (50. h5) 50... g6 51. g4 Rb4+ 52. e4 Rb7 53. Ke3 Rd7 54. Ra6 (54. h5 Kf7 55. Ra6) 54... Kf7 55. f4 (55. h5) 55... Rb7 56. Kd4 Ke7 57. Kd5 g5 58. hxg5 hxg5 59. fxg5 fxg5 60. Ke5 1-0

[Event "Wales Seniors Ch"]
[Site "?"]
[Date "2023.09.10"]
[Round "5.4"]
[White "Quinn, Peter"]
[Black "Davis, Lee"]
[Result "1/2-1/2"]
[WhiteElo "1645"]
[BlackElo "1927"]
[Annotator "User"]
[PlyCount "56"]
[EventDate "2023.09.11"]
[SourceVersionDate "2023.09.17"]

1. e4 (1. d4 Nf6 2. g3 g6 3. Bg2 Bg7 4. Nf3 O-O 5. c4 d6 6. O-O Nbd7 7. Nc3 h6 8. e4 e5 {Davis-Quinn, WLS Seniors Ch 2022,1-0}) 1... g6 2. d4 d6 3. Be3 Nf6 4. Nc3 c6 5. f3 Nbd7 (5... b5 {main}) 6. Qd2 e5 (6... b5) (6... Qa5 {main lines}) 7. dxe5 (7. O-O-O {61% for Wh}) 7... dxe5 8. Bh6 {best waiting with this move till Bl has moved his B} (8. O-O-O {Fat Fritz2}) 8... Bxh6 9. Qxh6 Ng8 (9... Nc5 {FF2 & SF16}) 10. Qd2 Qe7 11. h4 h5 12. O-O-O $11 Nc5 13. Nge2 Be6 14. Kb1 Rd8 15. Qxd8+ (15. Qe1) 15... Qxd8 16. Rxd8+ Kxd8 17. b4 Nd7 18. Nd1 (18. Nc1 {both Engines}) 18... Nb6 19. Nb2 Nc4 20. Nxc4 Bxc4 21. Nc3 (21. Nc1 {both Engines}) 21... Be6 22. Na4 b6 23. Be2 Ne7 24. Rd1+ Kc7 25. c4 (25. Nb2 {both Engines again}) 25... Rd8 (25... g5 26. hxg5 Rg8 27. Rh1 Rxg5 28. Bf1 Ng6 $15 {both Engines}) 26. Rxd8 Kxd8 27. Kb2 Kc7 28. c5 f6 {[Draw?]} 1/2-1/2

[Event "Wales Seniors Ch"]
[Site "?"]
[Date "2023.09.10"]
[Round "5.5"]
[White "Adams, Mark"]
[Black "Van Kemenade, J."]
[Result "1-0"]
[WhiteElo "1898"]
[BlackElo "1641"]
[Annotator "User"]
[PlyCount "53"]
[EventDate "2023.09.11"]
[SourceVersionDate "2023.09.11"]

{[%evp 0,53,80,53,73,73,73,84,96,40,61,13,28,33,63,26,95,80,90,45,126,139,139,90,111,78,147,110,133,142,137,133,133,134,198,47,63,14,108,96,109,75,75,4,419,509,509,454,454,454,662,692,781,726,703,463]} 1. e4 d6 2. d4 Nf6 3. Nc3 c6 4. f4 Qa5 5. Bd3 e5 6. Nf3 Nbd7 (6... Bg4 7. fxe5 dxe5 8. dxe5 Bxf3 9. Qxf3 Qxe5 10. Bf4 Qe6 11. O-O $16 {Adams-Van Kemenade,WCPL 2015,1-0}) 7. Bd2 (7. O-O {main}) 7... Qb6 (7... Qc7 {gives better chances}) 8. Na4 Qc7 9. c4 b5 (9... exd4 10. Nxd4 g6 {1-2-1}) 10. cxb5 cxb5 11. Nc3 (11. Bxb5 $18) 11... a6 12. Rc1 Qd8 13. Qe2 (13. O-O $18) 13... Be7 14. fxe5 dxe5 15. dxe5 Ng4 16. Nd5 (16. Bf4 $18) 16... O-O 17. Nxe7+ (17. Bf4) 17... Qxe7 $11 18. a3 Re8 (18... Ndxe5 $11) 19. e6 fxe6 (19... Qxe6 20. Ng5 Qf6 21. Qxg4 h6 22. Bb1 hxg5 23. Bxg5 Qxb2 24. O-O Ne5 $11 {SF16}) 20. Bb4 $18 (20. e5 $18) 20... Qd8 21. e5 (21. Bc3 $18) 21... Nh6 $2 (21... Bb7 $11 {SF16}) 22. Qe4 Nf8 23. Qxa8 $18 Qxd3 24. Rxc8 Rxc8 25. Qxc8 Qb1+ 26. Kd2 Qxb2+ 27. Qc2 (27. Ke1 Qb1+ 28. Kf2 Qf5 29. Re1) 1-0

[Event "Wales Seniors Ch"]
[Site "?"]
[Date "2023.08.11"]
[Round "5.6"]
[White "Hurn, Robert AJ"]
[Black "Phillips, William"]
[Result "1/2-1/2"]
[WhiteElo "1644"]
[BlackElo "1819"]
[Annotator "User"]
[PlyCount "35"]
[EventDate "2023.09.11"]
[SourceVersionDate "2023.09.17"]

1. d4 Nf6 2. c4 e6 (2... g6 3. f3 Bg7 4. e4 d6 5. Nc3 Nbd7 6. Nh3 c5 7. Be3 Qa5 {Hurn-Phillips, WLs Seniors Ch 2019,1/2-1/2}) 3. Nc3 d5 4. cxd5 exd5 5. Bg5 Be7 6. e3 O-O 7. Bd3 c6 8. Qc2 h6 9. Bh4 Re8 10. Nge2 Nbd7 11. O-O Ne4 {main} (11... Nf8 {Hughes-Batey, same rd, 1-0}) 12. Bxe7 Qxe7 13. Nc1 $146 (13. Rae1 {main}) 13... Ndf6 14. Nb3 Qd6 15. Rae1 Ng4 16. g3 Ngf6 17. f3 Nxc3 18. bxc3 $11 {[Draw?]} 1/2-1/2